000 00885nam a22002175i 4500
001 152028
003 ES-MaACL
005 20250813063331.0
008 960117s1795 sp |||| | spa d
040 _aEUS
_bspa
_cEUS
100 1 _aBerthollet, Claude Louis,
_cComte de
_9125963
245 1 0 _aElementos del arte de teñir /
_cescritos en francés por Monsieur Berthollet ... ; traducidos al castellano con adiciones por D. Domingo Garcia Fernandez.
260 _aMadrid :
_ben la Imprenta Real,
_c1795.
300 _a2 v. ;
_c21 cm.
597 _aSign. : [ ]1, a-c8, d2, A-R8, S7, T-Y8, Z2 --- []3, A-Z8, 2A8, 2B2.
650 4 _aFibras textiles-
_xTeñido-
_vObras anteriores a 1800.
_9156955
700 0 _aGarcía-Fernández, Domingo.
_954594
852 _aES-MaACL
_jR-1186-87
_z-- Enc. hol.
_xOlim: G-8965-66
999 _c152028
_d152028